000 00685 a2200229 4500
003 Nust
005 20170207165831.0
010 _a 2004061746
020 _a1403936099
040 _cNust
082 0 0 _a332.03
100 1 _aBanks, Erik.
245 1 0 _aFinancial lexicon : (E-BOOK)
_ba compendium of financial definitions, acronyms, and colloquialisms /
_cErik Banks.
260 _aHoundmills, Basingstoke, Hampshire ;
_aNew York, N.Y. :
_bPalgrave Macmillan,
_c2005.
300 _axvii, 398 p. :
_bill. ;
_c24 cm.
440 0 _aFinance and capital markets
650 0 _aCommercial law
650 0 _aFinance
650 0 _aManagerial economics
650 0 _xAcronyms
651 _aE-Book
942 _2ddc
_cBK
999 _c213304
_d213304